Revolution and war /
La revolución y la guerra se encuentran entre los eventos más dramáticos e importantes de la vida política, sin embargo, pocos de los innumerables trabajos sobre ambos temas dedican mucha atención a la relación entre ellos. En este libro se busca explicar por qué las revoluciones intensifican la com...
Na minha lista:
| Autor principal: | |
|---|---|
| Formato: | Desconhecido |
| Idioma: | English |
| Publicado em: |
Estados Unidos de América :
Cornell University Press
|
| Assuntos: | |
| Tags: |
Adicionar Tag
Sem tags, seja o primeiro a adicionar uma tag!
|
MARC
| LEADER | 00000 a2200000 04500 | ||
|---|---|---|---|
| 001 | 48147 | ||
| 003 | cru CIDCACS/IIS | ||
| 005 | 20210311062556.0 | ||
| 007 | ta | ||
| 008 | 050618s1996 -us eng d | ||
| 999 | |c 1881 |d 1881 | ||
| 020 | |a 0-8014-8297-6 | ||
| 040 | |c cru CIDCACS/IIS | ||
| 090 | |a 0004 W231r | ||
| 100 | |a Walt, Stephen M. | ||
| 245 | |a Revolution and war / |c Stephen M. Walt | ||
| 260 | |a Estados Unidos de América : |b Cornell University Press | ||
| 300 | |a 365 páginas | ||
| 520 | |a La revolución y la guerra se encuentran entre los eventos más dramáticos e importantes de la vida política, sin embargo, pocos de los innumerables trabajos sobre ambos temas dedican mucha atención a la relación entre ellos. En este libro se busca explicar por qué las revoluciones intensifican la competencia de seguridad entre los estados y aumentan considerablemente el riesgo de guerra. Esto se hace examinando las consecuencias internacionales de las revoluciones francesa, rusa, iraní, estadounidense, mexicana, turca y china, basándose tanto en la literatura teórica como en la empírica sobre las revoluciones y en varias ideas importantes de la teoría de las relaciones internacionales. El libro busca brindar orientación práctica a los líderes nacionales que enfrentan una inesperada agitación revolucionaria. La perspectiva que adopta el autor se basa en el paradigma realista familiar. | ||
| 650 | 4 | |9 2646 |a RELACIONES INTERNACIONALES | |
| 650 | 0 | |9 137 |a REVOLUCION | |
| 650 | 0 | |9 2345 |a SEGURIDAD | |
| 650 | 0 | |a POLITICA DE COMPETENCIA |9 3677 | |
| 650 | 0 | |9 378 |a GUERRA | |
| 650 | 0 | |9 6351 |a REALISMO | |
| 650 | 0 | |9 382 |a POLITICA INTERNACIONAL | |
| 650 | 0 | |9 8029 |a REVOLUCION FRANCESA | |
| 650 | 0 | |9 8030 |a REVOLUCION MEXICANA | |
| 650 | 0 | |9 8031 |a REVOLUCION RUSA | |
| 942 | |2 ddc |c LI | ||



